003570000a2200085000450024501040000004100140010470000190011810000280013777301060016510aRanas Centrolenidae de Colombia XI. Nuevas especies de ranas cristal del género Hyalinobatrachium0 aEspañol1 aLynch, John D.1 aRuiz Carranza, Pedro M.1 tRevista de la Academia Colombiana de Ciencias Exactas, Fisicas y Naturales332h85q571-586d1998g22